[Event "Ch Russia (juniors) (under 20)"]
[Site "masterchessopen.com Essentuki (Russia)"]
[Round "9"]
[White "Torbin Kirill (RUS)"]
[Black "Panchenko Dmitry (RUS)"]
[Result "0-1"]
[WhiteElo "2368"]
[BlackElo "2368"]

{ Torbin Kirill (RUS) +1 =0 -0 } 1.Nf3 { 1 } 1...c5 2.e4 e6 3.d4 cxd4 4.Nxd4
Nf6 5.Nc3 d6 6.g3 a6 7.Bg2 Be7 8.O-O O-O 9.Re1 Qc7 10.a4 Nc6 { = } 11.Nxc6 (
11.Be3 Ne5 12.h3 Bd7 13.Qe2 Nc4 14.Bc1 Rac8 15.b3 Ne5 16.Bb2 Rfe8 17.Rad1 Nc6
18.Nf3 e5 19.Nd5 Nxd5 20.Rxd5 Nb4 21.Rd2 Be6 22.Rc1 Na2 23.Ra1 Nb4 24.c4 a5
25.Ba3 Qb6 26.Qe3 Qxe3 27.fxe3 Na6 28.Rad1 Nc5 29.Bxc5 Rxc5 30.Ne1 Rc7 {
...1-0, Heinemann Thies 2410 - Mainka Romuald 2550 , Germany 1992 Bundesliga }
) 11...bxc6 12.a5 d5 ( 12...Bb7 13.Be3 c5 14.Bf4 Nd7 15.Qe2 Nb8 16.e5 d5
17.Qd2 Nc6 18.h4 Rad8 19.Nd1 d4 20.Be4 Nb4 21.Bxb7 Qxb7 22.Qe2 c4 23.Rf1 Kh8
24.Qxc4 Rc8 25.Qb3 Rxc2 26.Ra4 Rfc8 27.Bg5 Bf8 28.Re1 h6 29.Bf4 Qb5 30.Ra3 Qc6
31.Ra1 Be7 32.h5 { ...0-1, Giacomasso Enrico - Gheorghiu Florin 2450 ,
Martigny 1999 It (open) } ) ( 12...Rb8 13.b3 ( 13.Qe2 Nd7 14.Rd1 { } )
13...Rd8 14.Bd2 c5 15.Qe2 Nd7 16.Na4 Bf6 17.Ra3 Re8 18.c3 Bb7 19.b4 Bc6 20.Qd1
Bb5 21.Qb1 Ne5 22.Nb6 Bd8 23.f4 Nd3 24.Re3 c4 25.Bf1 Rxb6 26.axb6 Qb7 27.Rxd3
cxd3 28.Bxd3 Bxb6+ 29.Kg2 d5 30.e5 d4+ 31.Be4 Bc6 32.Kf3 { ...0-1, Casas
Fernando 2245 - Marin Mihail 2515 , Berga 1993 It (open) } ) 13.Be3 Bb7 14.Bb6
Qc8 { N } ( 14...Qb8 15.Na4 e5 16.c4 d4 17.Bc5 Bxc5 18.Nxc5 Bc8 19.Nd3 Be6
20.Qc2 Nd7 21.f4 f6 22.f5 Bf7 23.g4 Qd6 24.c5 Qe7 25.b4 g5 26.Nb2 Rfb8 27.Qd2
Kg7 28.Bf1 h5 29.Na4 h4 30.Nb6 Ra7 31.Bd3 Rd8 32.Rec1 Nb8 33.Ra3 Re8 34.Na4 {
...1-0, Spangenberg Hugo 2535 - Fish Gannadij 2440 , Buenos Aires 1993 Ch
World (juniors) (under 20) } ) 15.f4 Bb4 16.e5 Nd7 17.Bf2 Qc7 18.Re2 Bxa5
19.Na4 Bb4 20.g4 a5 21.g5 g6 22.Re3 Be7 23.Rh3 c5 24.Nc3 Bc6 25.Qg4 Rfb8
26.Nd1 d4 27.Raa3 Bxg2 28.Qxg2 Qb7 29.Qg4 h5 30.gxh6 Qe4 31.h7+ { ?! } (
31.Rag3 { !? } 31...Qxc2 32.Rg2 Qe4 33.Bh4 { } ) 31...Kh8 32.Rad3 { ? } ( { ?
} 32.Rag3 Qxc2 33.Be1 Nf8 34.Rg2 { } ) 32...Nxe5 { } {#R} 0-1

[Event "It (open)"]
[Site "masterchessopen.com Genoa (Italy)"]
[Round "3"]
[White "Djingarova Emilia (BUL)"]
[Black "Fossati Remigio (ITA)"]
[Result "1-0"]
[WhiteElo "2327"]
[BlackElo "2107"]

1.e4 c5 2.Nf3 e6 3.d4 cxd4 4.Nxd4 Nf6 5.Nc3 d6 6.g3 Nc6 7.Bg2 Bd7 8.Ndb5 Qb8
9.a4 a6 10.Na3 Qc7 11.O-O Be7 12.Nc4 Na5 13.Ne3 O-O 14.g4 Nc4 15.g5 Ne8 16.Ng4
Ne5 17.f4 Nxg4 18.Qxg4 f5 19.exf5 Qc5+ 20.Rf2 exf5 21.Qe2 Nc7 22.Qxe7 Rfe8
23.Qxd7 Rad8 24.Be3 Qa5 25.b4 {#r} 1-0

[Event "Ch Serbia & Montenegro (team)"]
[Site "masterchessopen.com Golubac (Yugoslavia)"]
[Round "0"]
[White "Damljanovic Branko (SRB)"]
[Black "Ivanovic Bozidar (MNE)"]
[Result "1-0"]
[WhiteElo "2578"]
[BlackElo "2443"]

1.e4 c5 2.Nf3 d6 3.d4 cxd4 4.Nxd4 Nf6 5.Nc3 e6 6.g3 Be7 7.Bg2 O-O 8.O-O a6
9.a4 Qc7 10.Nb3 Nc6 11.f4 Rb8 12.Be3 b6 13.g4 Bb7 14.g5 Nd7 15.Rf3 Rfe8 16.Rh3
g6 17.Qe2 Na5 18.Nd2 Bf8 19.Qf2 Nc4 20.Nxc4 Qxc4 21.Rd1 Qc7 22.Bd4 e5 23.fxe5
dxe5 24.Rf1 Qc4 25.Be3 Bc5 26.b3 Bxe3 27.Rxe3 Qe6 28.Nd5 Bxd5 29.exd5 Qe7
30.d6 Qe6 31.Qxf7+ Kh8 32.Rh3 Nf8 33.Bd5 {#r} 1-0

[Event "Ch Tver region (w)"]
[Site "masterchessopen.com Kimry (Russia)"]
[Round "7"]
[White "Sherbakova Elena (RUS)"]
[Black "Zolotova Lubov (RUS)"]
[Result "1-0"]
[WhiteElo "2012"]
[BlackElo "1949"]

1.e4 c5 2.Nf3 e6 3.d4 cxd4 4.Nxd4 Nf6 5.Nc3 d6 6.g3 Be7 7.Bg2 Nc6 8.Nxc6 bxc6
9.O-O Qc7 10.b3 O-O 11.Bb2 e5 12.h3 Be6 13.f4 exf4 14.gxf4 Rab8 15.Qf3 d5
16.exd5 Bxd5 17.Nxd5 Nxd5 18.c4 Bc5+ 19.Kh1 Ne3 20.Be5 Qe7 21.Rae1 Nxf1
22.Rxf1 Rbd8 23.Qh5 Qe6 24.Bxg7 Kxg7 25.Qxc5 Rd2 26.Rg1 Kh8 27.Qxf8# 1-0

[Event "It (open)"]
[Site "masterchessopen.com Montpellier (France)"]
[Round "7"]
[White "Vajda Albert (ROM)"]
[Black "Riff Jean-Noel (FRA)"]
[Result "1-0"]
[WhiteElo "2423"]
[BlackElo "2428"]

1.e4 c5 2.Nf3 e6 3.d4 cxd4 4.Nxd4 Nf6 5.Nc3 d6 6.g3 a6 7.Bg2 Be7 8.O-O O-O
9.Kh1 Qc7 10.f4 Nc6 11.Nb3 Rb8 12.g4 b5 13.g5 Ne8 14.a4 b4 15.Ne2 Na5 16.Nbd4
g6 17.f5 e5 18.Nb3 Bb7 19.Ng3 Nxb3 20.cxb3 Rc8 21.Bh3 f6 22.fxg6 hxg6 23.gxf6
Nxf6 24.Qd2 Qc2 25.Be6+ Kh8 26.Rxf6 Bxe4+ 27.Nxe4 Qxe4+ 28.Kg1 Qh4 29.Rxf8+
Rxf8 30.Qh6+ Qxh6 31.Bxh6 Rf6 32.Bd5 Rf5 33.Bd2 {#r} 1-0

[Event "Cup Itau (open)"]
[Site "masterchessopen.com Sao Paulo (Brazil)"]
[Round "2"]
[White "Crosa Martin (URU)"]
[Black "Da Mata LC (BRA)"]
[Result "1-0"]
[WhiteElo "2400"]
[BlackElo "2107"]

1.e4 c5 2.Nf3 e6 3.d4 cxd4 4.Nxd4 Nf6 5.Nc3 d6 6.g3 Be7 7.Bg2 a6 8.O-O Qc7
9.Nb3 Nc6 10.a4 b6 11.f4 Rb8 12.g4 O-O 13.g5 Nd7 14.Qh5 g6 15.Qh4 b5 16.axb5
axb5 17.Rf3 b4 18.Ne2 Re8 19.Be3 f5 20.exf5 exf5 21.Ned4 Nf8 22.Rh3 Nxd4
23.Nxd4 Bb7 24.Ra7 h5 25.Bd5+ Kh8 26.Nb5 Qxc2 27.Bd4+ {#r} 1-0

[Event "Tournament (weekend) \"]
[Site "masterchessopen.com Torino (Italy)"]
[Round "3"]
[White "Giacomasso Enrico (ITA)"]
[Black "Xausa Flavio (ITA)"]
[Result "1-0"]
[WhiteElo "1940"]
[BlackElo "2146"]

1.e4 c5 2.Nf3 e6 3.d4 cxd4 4.Nxd4 Nf6 5.Nc3 d6 6.g3 Be7 7.Bg2 a6 8.a4 e5
9.Nde2 Be6 10.O-O O-O 11.h3 Nc6 12.Nd5 Bxd5 13.exd5 Nb8 14.Be3 Nbd7 15.g4 b5
16.axb5 axb5 17.Qd3 b4 18.Ng3 Nb6 19.Nf5 Re8 20.Bxb6 Rxa1 21.Bxd8 {#r} 1-0

[Event "Ch Sweden (team) 2003/04"]
[Site "masterchessopen.com Malme (Sweden)"]
[Date "2003.11.29"]
[Round "4"]
[White "Jonsson Mikael (SWE)"]
[Black "Cramling Dan (SWE)"]
[Result "1-0"]
[WhiteElo "2320"]
[BlackElo "2425"]

1.e4 c5 2.Nf3 e6 3.d4 cxd4 4.Nxd4 Nf6 5.Nc3 d6 6.g3 Nc6 7.Bg2 Bd7 8.O-O a6
9.Nde2 b5 10.Qd2 Be7 11.a4 Rb8 12.axb5 axb5 13.b3 O-O 14.Bb2 Qc7 15.Nd1 Bc8
16.Ne3 Bb7 17.f4 Rfd8 18.f5 Ne5 19.fxe6 Nxe4 20.exf7+ Kh8 21.Qd4 Ng5 22.Ra7
Bf6 23.Rxf6 gxf6 24.Qf4 Kg7 25.Ng4 Qxf7 26.Nxe5 dxe5 27.Bxe5 fxe5 {#r} 1-0

[Event "It (open)"]
[Site "masterchessopen.com Saint Vincent (Italy)"]
[Date "2004.02.11"]
[Round "5"]
[White "Isonzo David (ITA)"]
[Black "Massa Giovanni (ITA)"]
[Result "1-0"]
[WhiteElo "2329"]
[BlackElo "2078"]

1.e4 c5 2.Nf3 e6 3.d4 cxd4 4.Nxd4 Nf6 5.Nc3 d6 6.g3 a6 7.Bg2 Be7 8.O-O O-O
9.Re1 Qc7 10.Be3 Nc6 11.Nxc6 bxc6 12.Na4 Rb8 13.c4 e5 14.h3 Be6 15.Qc2 Rfc8
16.Red1 Qa5 17.a3 d5 18.b4 Qd8 19.Ba7 Rb7 20.exd5 cxd5 21.Bc5 Bxc5 22.Nxc5 Rb6
23.Qe2 {#r} 1-0

[Event "Ch Russia (juniors) (under 14)"]
[Site "masterchessopen.com Dagomys (Russia)"]
[Round "4"]
[White "Potapov Pavel (RUS)"]
[Black "Serov Maksim (RUS)"]
[Result "1-0"]
[WhiteElo "2249"]
[BlackElo "2171"]

1.e4 c5 2.Nf3 e6 3.d4 cxd4 4.Nxd4 Nf6 5.Nc3 d6 6.g3 a6 7.Bg2 Qc7 8.O-O Nc6
9.h3 Be7 10.g4 O-O 11.Be3 Nd7 12.a4 Rb8 13.Kh1 Re8 14.f4 Bf8 15.Bg1 Na5
16.Nce2 b6 17.f5 Ne5 18.b3 Bd7 19.Qd2 Rbc8 20.Rac1 Nb7 21.f6 g6 22.Be3 Nc5
23.Bh6 Kh8 24.Bxf8 Rxf8 25.Qh6 Rg8 26.g5 {#r} 1-0

[Event "It (open)"]
[Site "masterchessopen.com Cortina d'Ampezzo (Italy)"]
[Round "1"]
[White "Fontana Enrico (ITA)"]
[Black "Guido Flavio (ITA)"]
[Result "0-1"]
[WhiteElo "2123"]
[BlackElo "2353"]

1.e4 c5 2.Nf3 e6 3.d4 cxd4 4.Nxd4 Nf6 5.Nc3 d6 6.g3 Be7 7.Bg2 O-O 8.O-O a6
9.Re1 Qc7 10.a4 Nc6 11.Nb3 b6 12.f4 Bb7 13.g4 Rfe8 14.g5 Nd7 15.h4 Bf8 16.Kh1
Rad8 17.h5 Nb4 18.Be3 Nc5 19.Qe2 d5 20.Bxc5 bxc5 21.e5 c4 22.Nd4 Bc5 23.Red1
Qb6 24.a5 Qa7 25.Nf3 d4 26.Na4 d3 27.cxd3 Nxd3 28.Nxc5 Qxc5 29.g6 fxg6 30.hxg6
Nxf4 31.Rxd8 Rxd8 32.Rd1 Rf8 33.gxh7+ Kh8 {#R} 0-1

[Event "Ch Greece (team)"]
[Site "masterchessopen.com Aghia Pelagia (Greece)"]
[Date "2004.07.07"]
[Round "4"]
[White "Rinopoulos Vasilis (GRE)"]
[Black "Pashos Alexandros (GRE)"]
[Result "1-0"]
[WhiteElo "1938"]
[BlackElo "2012"]

1.e4 c5 2.Nf3 d6 3.d4 cxd4 4.Nxd4 Nf6 5.Nc3 e6 6.g3 Be7 7.Bg2 a6 8.O-O O-O
9.f4 Qc7 10.Be3 Nc6 11.Nxc6 bxc6 12.g4 d5 13.g5 Nd7 14.f5 Bb7 15.Qh5 g6 16.Qh6
Rfc8 17.Rf3 Bf8 18.Qh4 Be7 19.f6 Bd6 20.Rh3 h5 21.Bf3 Kf8 22.Bxh5 gxh5 23.Qxh5
Ke8 24.Qh8+ Nf8 25.e5 c5 26.exd6 Qxd6 27.Bf4 Qxf4 28.Qxf8+ Kd7 29.Qxf7+ Kd6
30.Qe7+ Kc6 31.Qxe6+ Kc7 32.Nxd5+ Bxd5 33.Rh7+ {#r} 1-0

[Event "It (open)"]
[Site "masterchessopen.com Porto San Giorgio (Italy)"]
[Date "2004.08.28"]
[Round "8"]
[White "Stromboli Ettore (ITA)"]
[Black "Bonafede Emanuel (ITA)"]
[Result "1-0"]
[WhiteElo "2207"]
[BlackElo "1998"]

1.e4 c5 2.Nf3 e6 3.d4 cxd4 4.Nxd4 Nf6 5.Nc3 d6 6.g3 Be7 7.Bg2 a6 8.O-O O-O
9.Be3 Qc7 10.f4 Rd8 11.g4 h6 12.g5 hxg5 13.fxg5 Nh7 14.Qh5 g6 15.Qh4 Qa5
16.Rxf7 {#r} 1-0

[Event "It (open)"]
[Site "masterchessopen.com Hoogeveen (Netherlands)"]
[Date "2004.10.23"]
[Round "9"]
[White "Van Geffen Ben (NED)"]
[Black "Dogge Marc (NED)"]
[Result "1-0"]
[WhiteElo "2181"]
[BlackElo "2202"]

1.e4 c5 2.Nf3 e6 3.d4 cxd4 4.Nxd4 Nf6 5.Nc3 d6 6.g3 Nc6 7.Bg2 a6 8.Nxc6 bxc6
9.e5 Nd5 10.exd6 Bxd6 11.Ne4 Be7 12.O-O f5 13.Nc3 Rb8 14.Na4 Rb4 15.c3 Rb8
16.c4 Nb6 17.Qxd8+ Bxd8 18.Bf4 Nxa4 19.Bxb8 Bd7 20.Be5 Rg8 21.Rfd1 g5 22.b4 h5
23.Rd3 Nb6 24.Rad1 Rf8 25.Bxc6 Rf7 26.Bxd7+ Nxd7 27.f4 a5 28.a3 Bb6+ 29.c5 Ba7
30.Kg2 axb4 31.axb4 Nxe5 32.Rd8+ {#r} 1-0

[Event "It (cat.4)"]
[Site "masterchessopen.com Rosny Sous Bois (France)"]
[Round "9"]
[White "Inkiov Ventzislav (BUL)"]
[Black "Riff Jean-Noel (FRA)"]
[Result "1-0"]
[WhiteElo "2496"]
[BlackElo "2428"]

1.e4 c5 2.Nf3 d6 3.d4 Nf6 4.Nc3 cxd4 5.Nxd4 e6 6.g3 Nc6 7.Bg2 Bd7 8.O-O Be7
9.Ndb5 Qb8 10.Bg5 a6 11.Bxf6 gxf6 12.Nd4 Qa7 13.Nxc6 Bxc6 14.Re1 Qb6 15.Re3
Qa5 16.Nd5 Kf8 17.b4 Qd8 18.Qh5 h6 19.Nxe7 Kxe7 20.c4 Qb6 21.Rb1 Qd4 22.Qe2
Rac8 23.Rd1 Qb6 24.Qd2 Ba4 25.Rc1 Rhd8 26.Rf3 Bc6 27.c5 dxc5 28.Qxh6 f5
29.bxc5 Qb2 30.Rb3 Qxa2 31.Rcb1 Qe2 32.Rxb7+ Bd7 33.Rxd7+ {#r} 1-0

[Event "It (open)"]
[Site "masterchessopen.com Vandoeuvre (France)"]
[Round "6"]
[White "Gitzinger Gregory (FRA)"]
[Black "Riff Jean-Noel (FRA)"]
[Result "0-1"]
[WhiteElo "2197"]
[BlackElo "2428"]

1.e4 c5 2.Nf3 d6 3.d4 Nf6 4.Nc3 cxd4 5.Nxd4 e6 6.g3 Nc6 7.Nde2 Be7 8.Bg2 O-O
9.O-O Bd7 10.h3 Rc8 11.g4 Ne5 12.g5 Ne8 13.f4 Nc4 14.Kh1 b5 15.Nd4 b4 16.Nce2
g6 17.b3 Nb6 18.Bb2 e5 19.Nf3 f5 20.gxf6 Nxf6 21.c4 bxc3 22.Nxc3 Nh5 23.fxe5
Ng3+ 24.Kg1 Nxf1 25.Bxf1 dxe5 26.Nd5 Bc5+ 27.Kg2 Be6 28.Bxe5 Nxd5 29.exd5 Bxd5
30.Qxd5+ Qxd5 31.Bc4 Qxc4 32.bxc4 Rce8 {#R} 0-1

[Event "Cup Ani"]
[Site "masterchessopen.com Hamburg (Germany)"]
[Date "2004.12.28"]
[Round "3"]
[White "Murdzia Piotr (POL)"]
[Black "Putzbach Gerd (GER)"]
[Result "1-0"]
[WhiteElo "2454"]
[BlackElo "2244"]

1.e4 c5 2.Nf3 e6 3.d4 cxd4 4.Nxd4 Nf6 5.Nc3 d6 6.g3 Be7 7.Bg2 O-O 8.O-O a6
9.b3 Qc7 10.Bb2 Nbd7 11.g4 h6 12.f4 Nh7 13.Kh1 Rb8 14.Qe1 b5 15.h4 Bf6 16.Rd1
g5 17.fxg5 hxg5 18.hxg5 Bxg5 19.Rd3 Ne5 20.Rh3 Kg7 21.Bc1 Qe7 22.Nce2 Rh8
23.Nf4 Bd7 24.Nf3 Nxf3 25.Nh5+ Kg8 26.Rhxf3 Be8 27.e5 Bxc1 28.Qxc1 dxe5 29.Rf6
Qf8 30.Qe3 Rc8 31.Qxe5 Qe7 32.Rxf7 {#r} 1-0

[Event "Zt"]
[Site "masterchessopen.com Auckland (New Zealand)"]
[Round "3"]
[White "Garbett Paul Anthony (NZL)"]
[Black "Canfell Gregory (AUS)"]
[Result "1-0"]
[WhiteElo "2352"]
[BlackElo "2354"]

1.e4 c5 2.Nf3 e6 3.d4 cxd4 4.Nxd4 Nf6 5.Nc3 d6 6.g3 Nc6 7.Bg2 Bd7 8.O-O Be7
9.Nb3 a6 10.a4 O-O 11.a5 b6 12.axb6 Qxb6 13.Be3 Qc7 14.f4 Rfd8 15.g4 Bc8 16.g5
Nd7 17.Qe2 Nb6 18.Kh1 Nb4 19.Na5 Bf8 20.Rfd1 Rb8 21.Rd2 d5 22.Bxb6 Rxb6
23.exd5 Qxf4 24.Rf1 Qc7 25.Nc4 Rb8 26.Ne5 Nxd5 27.Nxd5 exd5 28.Nxf7 Rd7 29.Ne5
Re7 30.g6 Be6 31.gxh7+ Kxh7 32.Qh5+ Kg8 33.Ng6 {#r} 1-0

[Event "Ch Berlin (qual)"]
[Site "masterchessopen.com Berlin (Germany)"]
[Date "2005.04.01"]
[Round "7"]
[White "Rabaev Solomon Alex"]
[Black "Von Loehnysen Leonard (GER)"]
[Result "1-0"]
[WhiteElo "1901"]
[BlackElo "2023"]

1.e4 c5 2.Nf3 e6 3.d4 cxd4 4.Nxd4 Nf6 5.Nc3 d6 6.g3 Nc6 7.Bg2 Bd7 8.Be3 Be7
9.Qe2 a6 10.O-O O-O 11.f4 e5 12.Nf5 exf4 13.Nxe7+ Qxe7 14.Bxf4 Bg4 15.Qd2 Ne5
16.h3 Be6 17.Bg5 Nc4 18.Qf4 b5 19.Kh2 Nxb2 20.Qh4 Rac8 21.e5 Rxc3 22.Bxf6 Qa7
23.Qg5 {#r} 1-0

[Event "Ch Russia (club) (high league)"]
[Site "masterchessopen.com Sochi (Russia)"]
[Date "2005.04.25"]
[Round "8"]
[White "Zigangirova Sofya (KAZ)"]
[Black "Pogromsky Mikhail (RUS)"]
[Result "0-1"]
[WhiteElo "2322"]
[BlackElo "2320"]

1.e4 c5 2.Nf3 e6 3.d4 cxd4 4.Nxd4 Nf6 5.Nc3 d6 6.g3 Be7 7.Bg2 a6 8.O-O Qc7
9.f4 O-O 10.a4 Nc6 11.Kh1 Rd8 12.Nb3 b6 13.Be3 Bb7 14.g4 d5 15.exd5 Nb4 16.Qe2
Nfxd5 17.Bd2 Nxc3 18.Bxc3 Bxg2+ 19.Qxg2 Nd5 20.Be5 Bd6 21.Rae1 Nxf4 22.Bxd6
Qxd6 23.Qf3 e5 24.Qe4 f6 25.a5 b5 26.Rf2 Qd5 27.Qxd5+ Rxd5 28.Rf3 Rc8 29.Rf2
Kf7 30.h4 h5 31.g5 Rc4 32.gxf6 gxf6 33.Ref1 Rd6 {#R} 0-1

[Event "Ch FEFB (Elite)"]
[Site "masterchessopen.com Belgium"]
[Date "2005.05.16"]
[Round "7"]
[White "Gulbas Cemil (BEL)"]
[Black "Bolzoni Victor Angel (BEL)"]
[Result "1-0"]
[WhiteElo "2394"]
[BlackElo "2222"]

1.e4 c5 2.Nf3 e6 3.d4 cxd4 4.Nxd4 Nf6 5.Nc3 d6 6.g3 Nc6 7.Bg2 Bd7 8.Ndb5 Qb8
9.a4 a6 10.Na3 Qc7 11.O-O Be7 12.Kh1 O-O 13.f4 Rab8 14.g4 d5 15.exd5 Nxd5
16.Nxd5 exd5 17.f5 Ne5 18.g5 Rfd8 19.c3 Nc4 20.g6 Be8 21.gxh7+ Kh8 22.Nc2 Bf6
23.Nd4 Ne5 24.Bf4 Qc4 25.Qd2 Rbc8 26.Bxe5 Bxe5 27.f6 Bxd4 28.cxd4 Qc2 29.fxg7+
Kxh7 30.Qh6+ Kxh6 31.g8=Q Rd6 32.Qf8+ {#r} 1-0

[Event "It (open)"]
[Site "masterchessopen.com Lodi (Italy)"]
[Date "2005.06.10"]
[Round "1"]
[White "Aleksic Nenad (MNE)"]
[Black "Martino Antonio M (ITA)"]
[Result "1-0"]
[WhiteElo "2012"]
[BlackElo "1978"]

1.e4 c5 2.Nf3 d6 3.d4 cxd4 4.Nxd4 Nf6 5.Nc3 e6 6.g3 Nc6 7.Bg2 Bd7 8.O-O a6
9.Nxc6 Bxc6 10.a4 Be7 11.a5 O-O 12.Be3 Nd7 13.Na4 Bxa4 14.Rxa4 b6 15.axb6 Nxb6
16.Ra2 Nc4 17.Bd4 Ne5 18.Qe2 Nc6 19.Bc3 Qb6 20.Rfa1 a5 21.Ra4 Rac8 22.R1a3 Bf6
23.Bxf6 gxf6 24.Rb3 Qc5 25.Rb5 Qa7 26.Rh5 Ne5 27.Qd2 Ng4 28.c3 Rc5 29.e5 Nxe5
30.Rxh7 Rc4 {#r} 1-0

[Event "It (open)"]
[Site "masterchessopen.com Bajada de la Virgen (Spain)"]
[Date "2005.06.15"]
[Round "4"]
[White "Lujan Carolina (ARG)"]
[Black "Ulibin Mikhail (RUS)"]
[Result "0-1"]
[WhiteElo "2322"]
[BlackElo "2505"]

1.e4 c5 2.Nf3 e6 3.d4 cxd4 4.Nxd4 Nf6 5.Nc3 d6 6.g3 Be7 7.Bg2 O-O 8.O-O Nc6
9.Nxc6 bxc6 10.Re1 d5 11.e5 Nd7 12.Na4 Ba6 13.Qg4 Re8 14.b3 Qa5 15.Bh6 Bf8
16.Rad1 Bb5 17.h4 Qb4 18.c4 Bxa4 19.bxa4 Qxa4 20.Rd4 Qa5 21.Re3 f5 22.exf6
Nxf6 23.Qg5 Qxa2 24.Bf1 Kh8 25.Rf4 Qa1 26.h5 Ne4 27.Qh4 gxh6 28.Rf7 Bg7 29.Qg4
Rg8 {#R} 0-1

[Event "Ch Europe"]
[Site "masterchessopen.com Warsaw (Poland)"]
[Date "2005.06.30"]
[Round "12"]
[White "Kristjansson Stefan (ISL)"]
[Black "Marzolo Cyril (FRA)"]
[Result "1-0"]
[WhiteElo "2467"]
[BlackElo "2393"]

1.e4 c5 2.Nf3 e6 3.d4 cxd4 4.Nxd4 Nf6 5.Nc3 d6 6.g3 a6 7.Bg2 Bd7 8.O-O Nc6
9.a4 Be7 10.h3 h5 11.b3 Nxd4 12.Qxd4 Qc8 13.Qd3 Qc7 14.Nd1 O-O 15.Ne3 Bc6
16.Ba3 Rfd8 17.c4 Nd7 18.Qe2 Nc5 19.Bxc5 dxc5 20.Qxh5 Rd3 21.Rab1 Qb6 22.Nd5
exd5 23.exd5 Be8 24.Qe2 Rxb3 25.Rxb3 Qxb3 26.Qxe7 Qb6 27.d6 Rd8 28.Re1 f6 {#r}
1-0

[Event "It (open) (a)"]
[Site "masterchessopen.com Pardubice (Czech Republic)"]
[Date "2005.07.22"]
[Round "1"]
[White "Berni Giorgio (ITA)"]
[Black "Vovk Yuri (UKR)"]
[Result "0-1"]
[WhiteElo "2240"]
[BlackElo "2430"]

1.e4 c5 2.Nf3 e6 3.d4 cxd4 4.Nxd4 Nf6 5.Nc3 d6 6.g3 Be7 7.Bg2 O-O 8.O-O Bd7
9.g4 Nc6 10.Nb3 h6 11.f4 b5 12.g5 hxg5 13.fxg5 Nh7 14.h4 Ne5 15.Ne2 f6 16.gxf6
Nxf6 17.Nf4 Neg4 18.Ng6 e5 19.Nxf8 Qb6+ 20.Kh1 Rxf8 21.Qe1 Bc6 22.Nd2 Ne3
23.Rf3 Nxc2 {#R} 0-1

[Event "Ch Slovenia (w)"]
[Site "masterchessopen.com Ptuj (Slovenia)"]
[Date "2005.08.15"]
[Round "5"]
[White "Grobelsek Ana (SLO)"]
[Black "Mar Karmen (SLO)"]
[Result "0-1"]
[WhiteElo "2079"]
[BlackElo "2125"]

1.e4 c5 2.Nc3 d6 3.Nf3 Nf6 4.d4 cxd4 5.Nxd4 e6 6.g3 Be7 7.Bg2 O-O 8.O-O Bd7
9.Be3 Nc6 10.f4 Qc7 11.h3 Rac8 12.Qf3 Nxd4 13.Bxd4 b5 14.a3 Bc6 15.Qf2 a6
16.Rad1 e5 17.Be3 Qb7 18.fxe5 dxe5 19.Qf5 Qc7 20.g4 Bd7 21.Qf2 Be6 22.Nd5 Bxd5
23.exd5 Bd6 24.Rd2 a5 25.Kh1 b4 26.a4 Qc4 27.b3 Qa6 28.Bg5 Nd7 29.Be4 Nc5
30.Bf5 Rc7 31.Qe3 Qxf1+ {#R} 0-1

[Event "It (open)"]
[Site "masterchessopen.com Lahijan (Iran)"]
[Date "2005.08.28"]
[Round "2"]
[White "Guseinov Gadir (AZE)"]
[Black "Yeganedoost Masoud (IRI)"]
[Result "1-0"]
[WhiteElo "2585"]
[BlackElo "2118"]

1.e4 c5 2.Nf3 d6 3.d4 cxd4 4.Nxd4 Nf6 5.Nc3 e6 6.g3 Nc6 7.Bg2 Be7 8.O-O O-O
9.Be3 a6 10.f4 Qc7 11.Nb3 Rb8 12.g4 Rd8 13.g5 Nd7 14.Qh5 f6 15.Nd4 Nxd4
16.Bxd4 Qc4 17.Rad1 Rf8 18.b3 Qc7 19.Bh3 Ne5 20.f5 d5 21.fxe6 Bc5 22.Nxd5
Bxd4+ 23.Rxd4 Qc5 24.c3 g6 25.Qd1 Nc6 26.gxf6 Nd8 27.b4 Qa7 28.Ne7+ Kh8 29.Qd2
Bxe6 30.Nxg6+ Kg8 31.Nxf8 Kxf8 32.Qh6+ Ke8 33.Qh5+ Kf8 34.Qxh7 {#r} 1-0

[Event "Ch Iran (team)"]
[Site "masterchessopen.com Teheran (Iran)"]
[Date "2005.09.29"]
[Round "10"]
[White "Ezzati Fereidoon (IRI)"]
[Black "Moradi Behrooz (IRI)"]
[Result "0-1"]
[WhiteElo "2226"]
[BlackElo "2266"]

1.e4 c5 2.Nf3 e6 3.d4 cxd4 4.Nxd4 Nf6 5.Nc3 d6 6.g3 Nc6 7.Bg2 Bd7 8.O-O Be7
9.Bg5 a6 10.Qd2 Qc7 11.Rad1 Ne5 12.Qe2 O-O 13.Bc1 Rac8 14.f4 Nc4 15.b3 Na5
16.Bb2 Nc6 17.Nf3 Rfd8 18.e5 dxe5 19.fxe5 Ng4 20.Na4 b5 21.Nc3 Qa7+ 22.Kh1 Ne3
23.Ne4 Nxd1 24.Rxd1 Nb4 25.Bd4 Qc7 26.c3 Nc6 27.Nfg5 h6 28.Nxf7 Kxf7 29.Rf1+
Kg8 30.Qh5 Rf8 31.Nf6+ Bxf6 {#R} 0-1

[Event "Tournament (play-off)"]
[Site "masterchessopen.com Pontoise (France)"]
[Date "2006.03.26"]
[Round "4"]
[White "Vachier-Lagrave Maxime (FRA)"]
[Black "Boudier Eric (FRA)"]
[Result "1-0"]
[WhiteElo "2579"]
[BlackElo "1919"]

1.e4 c5 2.Nf3 d6 3.d4 cxd4 4.Nxd4 Nf6 5.Nc3 e6 6.g3 Be7 7.Bg2 Nbd7 8.O-O O-O
9.g4 Kh8 10.g5 Ng8 11.h4 Ne5 12.f4 Nd7 13.Be3 f6 14.Nxe6 Rf7 15.Nxd8 Bxd8
16.Qh5 Rf8 17.g6 h6 18.Nd5 Ne7 19.f5 Nxd5 20.Bxh6 Re8 21.Bxg7+ Kxg7 22.Qh7+
Kf8 23.Qf7# 1-0

[Event "Ch Russia (juniors) (under 18)"]
[Site "masterchessopen.com Dagomys (Russia)"]
[Round "9"]
[White "Sjugirov Sanan (RUS)"]
[Black "Davydov Andrey (RUS)"]
[Result "1-0"]
[WhiteElo "2444"]
[BlackElo "2292"]

1.e4 c5 2.Nf3 e6 3.d4 cxd4 4.Nxd4 Nf6 5.Nc3 d6 6.g3 Be7 7.Bg2 O-O 8.O-O a6
9.a4 Qc7 10.Re1 Nc6 11.h3 Bd7 12.Nde2 Rab8 13.g4 b5 14.axb5 axb5 15.g5 Ne8
16.Ng3 Ne5 17.f4 Nc4 18.Kh2 b4 19.Nce2 Qc5 20.Nd4 Bd8 21.b3 Bb6 22.Nf3 Na3
23.c4 f6 24.h4 fxg5 25.hxg5 Bc6 26.Be3 Qa5 27.Bxb6 Qxb6 28.Qd2 Rb7 29.Nd4 Re7
30.Nxc6 Qxc6 {#r} 1-0

[Event "It (open)"]
[Site "masterchessopen.com San Sebastian (Spain)"]
[Date "2006.04.08"]
[Round "1"]
[White "Lopez Heras Arturo (ESP)"]
[Black "Spraggett Kevin (CAN)"]
[Result "0-1"]
[WhiteElo "1942"]
[BlackElo "2610"]

1.e4 c5 2.Nf3 e6 3.d4 cxd4 4.Nxd4 Nf6 5.Nc3 d6 6.g3 a6 7.Bg2 Be7 8.O-O O-O
9.h3 Qc7 10.Nde2 Nc6 11.g4 b5 12.a3 Bb7 13.Ng3 b4 14.axb4 Nxb4 15.g5 Nd7
16.Be3 Rfe8 17.h4 Bf8 18.h5 Ne5 19.h6 g6 20.Ra4 a5 21.Bd4 Rec8 22.Bh3 Nc4
23.b3 Nb2 24.Qf3 Nxa4 25.Qf6 e5 26.Nxa4 exd4 27.Nh5 Re8 28.Qxd4 gxh5 29.Bf5
Re5 30.Nb6 Rae8 31.Nc4 Rxf5 32.exf5 Re4 33.Qf6 Nd5 {#R} 0-1